000 00403nam a2200145Ia 4500
005 20250424015436.0
008 240331s9999 xx 000 0 und d
082 _a300
_bAND
100 _aAndi, R
245 0 _aEn anupavankal :
_bcultural frictions and changes
260 _aTamil Nadu
_bOviakil Pathippakam
_c2002
300 _aXVi, 174 p .,
500 _aCultural Frictions and Social Changes
942 _cL
999 _c970
_d970